| 000 | 00781nam a22002297a 4500 | ||
|---|---|---|---|
| 005 | 2010052203493.0 | ||
| 008 | 100522t xxu||||| |||| 00| 0 eng d | ||
| 010 | _aEN-96141 | ||
| 020 |
_a9788189983314 _c500.00 |
||
| 035 | _aEN-79674 | ||
| 037 | _bDBAD/PUB | ||
| 040 |
_aDPL _bEng |
||
| 082 | _a001.42 | ||
| 100 | _aSharma, N. K. | ||
| 245 |
_aResearch methodology / _cby N. K. Sharma |
||
| 260 |
_aNew Delhi _bKSK Publishers & Distributors _c2010 |
||
| 270 |
_a7/26, Ansari Road, Darya Ganj, _bNew Delhi _e110002 |
||
| 300 |
_a260p. _c23 cm (Hb) |
||
| 500 | _aincludes bibligraphical references | ||
| 942 |
_2ddc _cEN _mSHA _h001.42 |
||
| 999 |
_c36284 _d36284 |
||